000 00355nam a2200145Ia 4500
008 191201s2004 xx 000 0 und d
082 _a621.3822
_bHAS
100 _aHAYES, Monson H
245 0 _aSchaum's Outlines Digital Signal Processing
250 _a2nd
260 _aN.Delhi
_bTMH
_c2004
300 _a432
650 _aB.Tech(ECE)
942 _2ddc
_cBK
999 _c1135
_d1135